Language Quiz

Random Language or Letter Quiz

4-Letter 'O' Words (A-Z) Quiz Stats

 Plays Quiz Updated Nov 15, 2015

Challenge
Share
Tweet
Embed
Score 0/25 Timer 04:00
0 Plays Today
2nd letter 4-Letter O-Word % Correct
HOHIO
97.1%
GOGRE
94.6%
BOBOE
93.8%
POPAL
92.9%
ROREO
91.7%
SOSLO
89.6%
MOMAN
87.2%
WOWEN
86.6%
KOKRA
86.6%
OOOZE
86.2%
AOAHU
83.7%
NONYX
83%
IOINK
82.6%
2nd letter 4-Letter O-Word % Correct
XOXEN
81.8%
ZOZZY
79.1%
VOVUM
74.7%
DODOM
67.8%
LOLGA
65.8%
TOTIS
63.1%
UOUZO
56.5%
JOJAI
31.6%
EOEIL
26.9%
YOYEZ
24.3%
FOFFA
16.6%
COCHS
15.4%

You're not logged in!

Compare scores with friends on all Sporcle quizzes.
Join for Free
OR
Log In

You Might Also Like...

Show Comments

Extras

Top Quizzes Today


Score Distribution

Your Account Isn't Verified!

In order to create a playlist on Sporcle, you need to verify the email address you used during registration. Go to your Sporcle Settings to finish the process.

Report this User

Report this user for behavior that violates our Community Guidelines.

Details: